| 000 | 01063 a2200193 4500 | ||
|---|---|---|---|
| 001 | 27185 | ||
| 005 | 20260407155548.0 | ||
| 008 | 260407a1959 arg spa d | ||
| 003 | AR-UNSa-BCEJYS | ||
| 040 |
_aAR-UNSa-BCEJYS _bspa _cAR-UNSa-BCEJYS |
||
| 080 |
_a347.736 _xQuiebra. Insolvencia. Suspensión de pagos. Bancarrota, procedimientos. Derecho Concursal |
||
| 245 | 1 | 0 | _aManual de quiebras |
| 264 | 1 |
_aBuenos Aires : _bAbeledo Perrot _c1959 |
|
| 300 |
_a525 p. _c23 cm. |
||
| 505 | _a1. Noción de quiebra - 2. Estudio de la ley Argentina de quiebras - 3. Convocatoria de acreedores - 4. Concordato - 5. Condiciones de fondo requeridas por nuestra ley - 6. Efectos jurídicos de la quiebra - 7. Efectos de la quiebra con relación al patrimonio del deudor - 8. Efectos de la quiebra con relación a los acreedores en general - 9. Reinvindicación en la quiebra - 10. Administración y liquidación de la quiebra - 11. Liquidación colectiva de las sociedades | ||
| 942 | _cBK | ||
| 590 | _aniveau_biblio:m niveau_hierar:0 | ||
| 100 | 1 | _aVarangot, Carlos Jorge | |
| 999 |
_c1564 _d1564 |
||